000 00596nam a2200241 a 4500
001 nice12345678
003 IN_TiNIC
005 20260116014101.0
008 110107s2009 oxfa grp 000 0 eng
020 _a9781851685479
_c225
082 0 0 _a297.4
_bCHI7
100 _aChittick, C William
245 _aSufism
_b A Beginner`s Guide
260 _aOxford
_bOne World Publications
_c2009
300 _a233p
500 _aincludes index and biblioraphy
505 2 _aIndices
650 _aSufism
700 1 _aChittick, C William
902 _bSRS
942 _cBK
999 _c13802
_d13802